Statystyki dla Jaki może być trójkąt?

Kliknij tutaj aby rozwiązać quiz!

Ogólne statystyki

  • Ten quiz został rozwiązany 64 razy
  • Średni wynik to 3 z 5

Statystyki odpowiedzi

Odpowiedź% Poprawnych
równoboczny
92%
równoramienny
89%
prostokątny
85%
bermudzki
30%
ostrzegawczy
8%

Rozkład punktacji

Percentyl według liczby udzielonych odpowiedzi

Procent ludzi z każdym wynikiem

Twoja historia wyników

Nie rozwiązałeś tego quizu